Дело по отношению министра финансов об уменьшении взыскания с коллежского секретаря Мияновского, наложенного на него за передачу...

Доступно только в Электронных читальных залах Найти на картеНа карте
RUSMARC
00003702nmc2a2200000 x 450
001a0a6bd65-8857-4ddb-966a-ea9a2d43c104
00520160628172237.0
100##$a20151112l18391846k l0rusy0189 ca
1010#$arus
102##$aRU
2001#$aДело по отношению министра финансов об уменьшении взыскания с коллежского секретаря Мияновского, наложенного на него за передачу войскам топлива. Тут же об освобождении по такому же предмету от взыскания с титулярного советника Жуковского и вдовы генерал-майора Радича
$j9 февраля 1839 г. - 27 сентября 1846 г.
251##$cДело
300##$aДело
801#0$aRU
$bРГИА
$c20151112
$gRCR
801#1$aRU
$bГлавНИВЦ
$c20151112
$2rusmarc
801#2$aRU
$bПБ им. Б.Н. Ельцина
$c20160628
$gRCR
$2rusmarc
850##$aРГИА
852##$aРГИА
$eФедеральное казенное учреждение "Российский государственный исторический архив" (РГИА)
$j624
937##$hРГИА
$d12181425
$aASBIBLIO_SCAN
461#0$10013e300ed0-cd39-49af-8489-5ba5b90fa401
$12001
$aДепартамент полиции исполнительной МВД
$1251
$cФонд
$1852
$j1286
215##$a98 л.
$d36,5х26 см
371##$aДокумент не является опубликованным и широко распространяемым
105##$ay###
1222#$ad
462#0$10017a737680-4450-41d6-aaa0-facf795de428
$12001
$a1838-1840 гг. Дела Департамента полиции исполнительной МВД за 1839 г.
$1251
$cОпись
$1852
$j7
035##$aa0a6bd65-8857-4ddb-966a-ea9a2d43c104
Формат отображения